| 000 | 01459nmm a2200385 a 4500 | ||
|---|---|---|---|
| 001 | ocm0001917366 | ||
| 003 | TR-IsHL | ||
| 005 | 20201028173139.0 | ||
| 008 | 180907s2018 tu tur | ||
| 007 | cr cn | ||
| 020 | _a9789752475588 | ||
| 035 |
_a1917366 _b(N$T) |
||
| 050 | 0 | 4 |
_aLB14.7 _b.E35 2018 |
| 090 | 0 | 4 |
_aLB14.7 _b.E35 2018 |
| 245 | 1 | 0 |
_aEğitim bilimine giriş _h[electronic resource] / _ceditör Doç. Dr. Asım Arı ; Yazarlar Yrd. Doç. Dr. Yeliz Temli Durmuş Yrd. Doç. Dr. Semra Kıranlı Güngör Yrd. Doç. Dr. Hakan Gülveren Yrd. Doç. Dr. Abdullah Mert Yrd. Doç. Dr. Kamil Uygun Yrd. Doç. Dr. Hamit Özen Yrd. Doç. Dr. Mehmet Koçyiğit Arş. Gör. Zeynep Akın Demircan |
| 260 |
_aKonya : _bEğitim Yayınevi , _c2018 |
||
| 300 | _a288 p. | ||
| 650 | 4 | _aEğitim | |
| 650 | 4 | _aEducation | |
| 650 | 0 |
_aEğitim _x Türkiye |
|
| 650 | 0 |
_aEducation _x Turkey |
|
| 650 | 0 |
_aÖğretmenler _x Yetiştirilmesi _x Türkiye. |
|
| 650 | 0 |
_aTeachers _xTraining of _xTurkey. |
|
| 650 | 7 |
_aEDUCATION / Higher _2bisacsh |
|
| 700 | 1 | _aArı, Asım | |
| 700 | 1 | _aDurmuş, Yeliz Temli | |
| 700 | 1 | _aGüngör, Semra Kıranlı | |
| 700 | 1 | _aGülveren, Hakan | |
| 700 | 1 | _aMert, Abdullah | |
| 700 | 1 | _aUygun, Kamil | |
| 700 | 1 | _aÖzen, Hamit | |
| 700 | 1 | _aKoçyiğit, Mehmet | |
| 700 | 1 | _aDemircan, Zeynep Akın | |
| 856 | 4 | 0 | _uhttp://search.ebscohost.com/login.aspx?direct=true&scope=site&db=e011xww&AN=1917366 |
| 999 |
_c17554 _d17554 |
||